[Event "Santo Antonio de Jesus Bahia op"]
[Site "Santo Antonio de Jesus"]
[Date "2022.07.08"]
[Round "2"]
[White "Cardoso, Victor Ribeiro Melo"]
[Black "Do Couto, Paulino Cesar Marti"]
[Result "0-1"]
[WhiteElo "1832"]
[BlackElo "1914"]
[PlyCount "80"]
[EventDate "2022.07.07"]
[EventType "swiss"]
[EventRounds "6"]
[EventCountry "BRA"]
[SourceTitle "CBM 209 Extra"]
[Source "ChessBase"]
[SourceDate "2022.09.30"]
[SourceVersion "1"]
[SourceVersionDate "2022.09.30"]
[SourceQuality "1"]

1. d4 d5 2. Nf3 Nf6 3. Nbd2 e6 4. e3 c5 5. c3 Nc6 6. Bd3 Bd6 7. e4 e5 8. exd5 Nxd5 9. Be4 Nde7 10. d5 Nb8 11. Nc4 h6 12. Ncxe5 Nd7 13. Nc4 Nf6 14. Qd3 0-0 15. Nxd6 Qxd6 16. c4 Bd7 17. 0-0 Rfe8 18. b3 Nxe4 19. Qxe4 Ng6 20. Qd3 a6 21. Bd2 b5 22. Rfe1 Nf4 23. Bxf4 Qxf4 24. d6 bxc4 25. bxc4 Be6 26. Re4 Qf6 27. Rae1 Red8 28. Re5 Rac8 29. Qe3 Rxd6 30. Rxc5 Rxc5 31. Qxc5 Rd3 32. Qc6 Ra3 33. c5 Rxa2 34. Qa8+ Kh7 35. c6 Qb2 36. Rf1 Bc4 37. c7 Bxf1 38. Qe4+ g6 39. Ne1 Qxf2+ 40. Kh1 Bxg2+ 0-1

[Event "Santo Antonio de Jesus Bahia op"]
[Site "Santo Antonio de Jesus"]
[Date "2022.07.08"]
[Round "3"]
[White "Do Couto, Paulino Cesar Marti"]
[Black "Medeiros Jr, Francisco Cesar De"]
[Result "0-1"]
[WhiteElo "1914"]
[BlackElo "1980"]
[PlyCount "92"]
[EventDate "2022.07.07"]
[EventType "swiss"]
[EventRounds "6"]
[EventCountry "BRA"]
[SourceTitle "CBM 209 Extra"]
[Source "ChessBase"]
[SourceDate "2022.09.30"]
[SourceVersion "1"]
[SourceVersionDate "2022.09.30"]
[SourceQuality "1"]

1. e4 e5 2. Nf3 Nc6 3. Bb5 a6 4. Ba4 b5 5. Bb3 d6 6. h3 Be7 7. c3 Nf6 8. 0-0 0-0 9. d4 exd4 10. cxd4 d5 11. e5 Ne4 12. Nbd2 Bb7 13. Re1 Ng5 14. Nxg5 Bxg5 15. Nf3 Bxc1 16. Rxc1 Rc8 17. Qd2 Ne7 18. Bc2 Ng6 19. Ng5 Re8 20. h4 h6 21. h5 Nf8 22. Nf3 Qe7 23. Bf5 Ne6 24. b4 c6 25. a3 Ra8 26. Nh2 Qh4 27. g4 Ng5 28. Rc2 Nh3+ 29. Kg2 Ng5 30. Qd3 Ne6 31. Nf3 Nf4+ 32. Kg1 Nxd3 33. Nxh4 Nxe1 34. Rd2 a5 35. Rd1 axb4 36. axb4 Ra4 37. Rxe1 Rxb4 38. Nf3 Bc8 39. Rd1 Rc4 40. Ra1 Bxf5 41. gxf5 b4 42. Ra7 Rb8 43. e6 fxe6 44. fxe6 b3 45. e7 b2 46. Rd7 b1Q+ 0-1